Ч. 3; Сборник индивидуальных заданий по высшей математике
| Parent link: | Сборник индивидуальных заданий по высшей математике: учебное пособие/ Л. И. Терехина, И. И. Фикс; Национальный исследовательский Томский политехнический университет (ТПУ), Физико-технический институт (ФТИ), Кафедра высшей математики и математической физики (ВММФ). Ч. 3.— 2-е изд..— , 2014- |
|---|---|
| المؤلف الرئيسي: | |
| مؤلف مشترك: | |
| مؤلفون آخرون: | |
| الملخص: | Заглавие с титульного экрана В данной части пособия представлены задания по темам интегрального исчисления: неопределенный интеграл, определенный интеграл, кратные интегралы, криволинейные и поверхностные интегралы, скалярное и векторное поле. Объем и содержание заданий соответствуют рабочим программам дисциплины и имеют целью приобретение студентами необходимых навыков в решении типовых задач по высшей математике. Предназначено для обеспечения самостоятельной работы студентов 1-го курса технических специальностей ТПУ. Режим доступа: из корпоративной сети ТПУ |
| اللغة: | الروسية |
| منشور في: |
2014
|
| الموضوعات: | |
| الوصول للمادة أونلاين: | http://www.lib.tpu.ru/fulltext2/m/2015/m142.pdf |
| التنسيق: | الكتروني كتاب |
| KOHA link: | https://koha.lib.tpu.ru/cgi-bin/koha/opac-detail.pl?biblionumber=295765 |
MARC
| LEADER | 00000nam2a2200000 4500 | ||
|---|---|---|---|
| 001 | 295765 | ||
| 005 | 20250707121555.0 | ||
| 035 | |a (RuTPU)RU\TPU\book\320854 | ||
| 090 | |a 295765 | ||
| 100 | |a 20150526d2014 m y0rusy50 ca | ||
| 101 | 0 | |a rus | |
| 102 | |a RU | ||
| 105 | |a y j 001zy | ||
| 135 | |a drcn ---uucaa | ||
| 181 | 0 | |a i | |
| 182 | 0 | |a b | |
| 200 | 0 | |a Ч. 3 | |
| 203 | |a Текст |c электронный | ||
| 210 | |d 2014 | ||
| 300 | |a Заглавие с титульного экрана | ||
| 330 | |a В данной части пособия представлены задания по темам интегрального исчисления: неопределенный интеграл, определенный интеграл, кратные интегралы, криволинейные и поверхностные интегралы, скалярное и векторное поле. Объем и содержание заданий соответствуют рабочим программам дисциплины и имеют целью приобретение студентами необходимых навыков в решении типовых задач по высшей математике. Предназначено для обеспечения самостоятельной работы студентов 1-го курса технических специальностей ТПУ. | ||
| 333 | |a Режим доступа: из корпоративной сети ТПУ | ||
| 337 | |a Adobe Reader | ||
| 461 | 1 | |0 295763 |t Сборник индивидуальных заданий по высшей математике |o учебное пособие |o в 4 ч. |f Л. И. Терехина, И. И. Фикс |g Национальный исследовательский Томский политехнический университет (ТПУ), Физико-технический институт (ФТИ), Кафедра высшей математики и математической физики (ВММФ) |v Ч. 3 |e 2-е изд. |d 2014- |3 295763 | |
| 606 | 1 | |a Математика высшая |2 stltpush |3 (RuTPU)RU\TPU\subj\3986 |9 32308 | |
| 610 | 1 | |a электронный ресурс | |
| 610 | 1 | |a труды учёных ТПУ | |
| 610 | 1 | |a учебные пособия | |
| 610 | 1 | |a решенные задачи | |
| 610 | 1 | |a самостоятельные работы | |
| 610 | 1 | |a интегральное исчисление | |
| 610 | 1 | |a скалярное поле | |
| 610 | 1 | |a векторное поле | |
| 610 | 1 | |a неопределенные интегралы | |
| 610 | 1 | |a определенные интегралы | |
| 610 | 1 | |a кратные интегралы | |
| 610 | 1 | |a криволинейные интегралы | |
| 610 | 1 | |a поверхностные интегралы | |
| 675 | |a 51(076) |v 3 | ||
| 700 | 1 | |a Терехина |b Л. И. |c математик |c доцент Томского политехнического университета, кандидат физико-математических наук |f 1954- |g Людмила Ивановна |9 12281 | |
| 701 | 1 | |a Фикс |b И. И. |c математик |c доцент Томского политехнического университета, кандидат технических наук |f 1943- |g Иван Иванович |9 12282 | |
| 712 | 0 | 2 | |a Национальный исследовательский Томский политехнический университет |c (2009- ) |9 26305 |
| 801 | 2 | |a RU |b 63413507 |c 20150607 |g RCR | |
| 850 | |a 63413507 | ||
| 856 | 4 | |u http://www.lib.tpu.ru/fulltext2/m/2015/m142.pdf | |
| 942 | |c CF | ||